LEADER 00883nam a2200217 i 4500 001 000000210892 003 CaOOAMICUS 005 20251125112256.0 008 120214s1891 it u000 u mul u 013 $a189705 040 $aSeMil$bita 245 10$a2: Libri 4.-5. /$cM. Tullio Cicerone. 300 $aXXVII, 196 p. ;$c21 cm. 700 0 $aCicero, Marcus Tullius,$d<106-43 a.C.>.$0(OLS)http://semarc/name/659 773 0 $aCicero, Marcus Tullius <106-43 a.C.>$tFinibus bonorum et malorum.$dTorino : Ermanno Loescher, 1889-1921.$kCollezione di classici greci e latini con note italiane$g2$w()26280 850 $aSeMil 852 $aSeMil$W1$xVenegono$y1$m1X II 41/2 FA$j161339$B161339$CSeMilBibl$Z2$F172484 $8I 900 0 $aCicerone, Marco Tullio. 996 $6245$a2: Libri 4.-5.$9(OLS)http://semarc/title/457008 LEADER 00919nam a2200229 i 4500 001 000000072217 003 CaOOAMICUS 005 20121126000000.0 008 121126s2000 it u000 u ita u 013 $a43389 020 $a88-317-7361-5 040 $aSeMil$bita 245 10$aTra un regno e l'altro, il governo di Milano, la società milanese. 300 $aVII, 245 p., [4] c. di tav. :$bill. 500 $aDono di mons. Antonio Rimoldi. 650 4$aMilano - Storia sociale - Sec. 19.$0(OLS)http://semarc/subject/14540 773 0 $tMilano 1848-1898.$dVenezia : Marsilio, 2000.$g2$w()27721 850 $aSeMil 852 $aSeMil$W1$xVenegono$y1$m3O III 227$j38370$B38370$CSeMilBibl$Z2$F38373 $81 961 $aOmaggio: Donazione 996 $6020$a88-317-7361-5$9(OLS)http://semarc/number/51477 996 $6245$aTra un regno e l'altro, il governo di Milano, la società milanese$9(OLS)http://semarc/title/116365